| 000 | 01661nkm0a2200349 4500 | ||
|---|---|---|---|
| 001 | RU\NLR\DIGIT\114282 | ||
| 005 | 20250806203856.0 | ||
| 035 | _a(NLR Aleph) 010171606 | ||
| 090 |
_a79201 _c79201 |
||
| 100 | _a20120315d1945 m y0rusy50 ca | ||
| 101 | 0 | _arus | |
| 102 | _aRU | ||
| 135 | _acoco 024aaaba | ||
| 200 | 1 |
_aГерой Советского Союза гвардии генерал-майор танковых войск Ази Ахадович Асланов (1910-1945) _e[Эстамп] |
|
| 210 | _d1945 | ||
| 215 |
_a1 л. _cЛитография _d46х37; 62х44,5 см |
||
| 300 | _aПримеч.: Ази Ахадович Асланов (1910-1945), военачальник, гвардии генерал-майор, дважды Герой Советского Союза | ||
| 325 | _aКопия доступна в Электрон. б-ке РНБ http://vivaldi.nlr.ru/le000000269/view | ||
| 610 | 0 | _aПортреты | |
| 610 | 0 | _aГравюры | |
| 702 | 1 |
_aАсланов _bА.А. _cвоеначальник, гвардии генерал-майор _f1910-1945 _gАзи Ахадович |
|
| 801 | 2 |
_aRU _bNLR _c20120315 _2rusmarc |
|
| 852 |
_aNLR _bЭ _jГП/5-А904 _pЭ043764 |
||
| 856 | 0 | _uhttp://vivaldi.nlr.ru/le000000269/view | |
| 856 | 1 | _uhttp://vivaldi.nlr.ru/le000000269/cover | |
| 856 | 2 | _uhttp://vivaldi.nlr.ru/le000000269/text | |
| 942 | _cVISUAL | ||
| 945 | _aРоссийская национальная библиотека | ||
| 980 | _aBV | ||
| 981 | 1 | 7 |
_a(17) Изографические материалы _b(17) Открытки _bПортреты |